Take charge in times of challenge : learn to lead when life lessons seems dark, difficult and dismal (Record no. 159935)

MARC details
000 -LEADER
fixed length control field 00348nam a2200097Ia 4500
082 ## - DEWEY DECIMAL CLASSIFICATION NUMBER
Classification number 158.4|MOLA
008 - FIXED-LENGTH DATA ELEMENTS--GENERAL INFORMATION
fixed length control field 210817s9999 xx 000 0 und d
100 ## - MAIN ENTRY--PERSONAL NAME
Personal name Molapo, David Cape Town, [South Africa], 2013
9 (RLIN) 49368
245 #0 - TITLE STATEMENT
Title Take charge in times of challenge : learn to lead when life lessons seems dark, difficult and dismal
942 ## - ADDED ENTRY ELEMENTS
item type Books
Holdings
Withdrawn status Lost status Damaged status Not for loan Home library Current library Date acquired Cost, normal purchase price Total Checkouts Barcode Date last seen Price effective from item type
        Emthonjeni PL (MMID-PLEMA-EMTH) Emthonjeni PL (MMID-PLEMA-EMTH) 18.08.2021 170.00   3322810032281 18.08.2021 18.08.2021 Books